Statistiques concernant Fruits: Sans voyelles

Cliquez ici pour prendre le quiz!

Statistiques générales

  • Ce quiz a été pris 369 fois
  • Le résultat moyen est 14 sur 15

Statistiques - réponses

IndiceRéponse% Correct
BNNbanane
100%
CLMNTNclementine
99%
KWkiwi
99%
RSNraisin
99%
CTRNcitron
98%
PSTQpasteque
98%
PCHpêche
98%
PMMpomme
97%
TMTtomate
95%
FGfigue
94%
GRNDgrenade
92%
PRpoire
91%
RNGorange
83%
BRCTabricot
81%
KMQTkumquat
65%

Distribution des résultats

Percentile par nombre de réponses

% des personnes avec chaque résultat

Votre développement - résultats

Vous n’avez pas pris ce quiz